| 000 | 00000nam 2200000zi 4500 |
| 001 | 9.937162 |
| 003 | CaOODSP |
| 005 | 20240419130203 |
| 006 | m o d f |
| 007 | cr |n||||||||| |
| 008 | 220419e199703##onc o f000 0 eng d |
| 040 | |aCaOODSP|beng|erda|cCaOODSP |
| 043 | |an-cn--- |
| 086 | 1 |aJ79-14/1997E-PDF |
| 245 | 04|aThe Federal Prosecution Service. |
| 264 | 1|aOttawa, Ontario : |bDepartment of Justice Canada = Ministère de la justice Canada, |cMarch 1997. |
| 300 | |a1 online resource (16 pages) |
| 336 | |atext|btxt|2rdacontent |
| 337 | |acomputer|bc|2rdamedia |
| 338 | |aonline resource|bcr|2rdacarrier |
| 500 | |aIssued also in French under title: Le service fédéral des poursuites. |
| 500 | |aDigitized edition from print [by Department of Justice Canada]. |
| 650 | 0|aProsecution|zCanada. |
| 650 | 0|aCriminal justice, Administration of|zCanada. |
| 650 | 0|aPublic prosecutors|zCanada. |
| 710 | 1 |aCanada. |bDepartment of Justice, |eissuing body. |
| 775 | 08|tLe service fédéral des poursuites.|w(CaOODSP)9.937161 |
| 794 | |tThe Federal Prosecution Service.|w(CaOODSP)9.937186 |
| 856 | 40|qPDF|s855 KB|uhttps://publications.gc.ca/collections/collection_2024/jus/J79-14-1997-eng.pdf |